Statistics for Geography homophones- Fill in the blanks

Click here to take the quiz!

General Stats

  • This quiz has been taken 138 times
  • The average score is 8 of 13

Answer Stats

Answer% Correct
I'm feeling {Hungary}, I'm going to make some goulash
87%
"She sells {Seychelles} on the seashore" could be based on the work of Mary Anning
80%
The Dragon's Breath is supposedly the world's hottest kind of {Chile} pepper
76%
Homer Simpson sold his {Seoul} to the Devil for a doughnut
75%
The {Maine} ingredients in a New England chowder are butter, onions, seafood & seasonings
73%
"Country {Rhodes}, take me home"
67%
One of the most impressive buildings I have seen is the Hagia {Sofia} in Turkey
66%
{Wales} can be huge, but mostly live off tiny organisms
59%
I find the work of {Georgia} O'Keeffe too forlorn for my taste
57%
Take care when on a hot sunny day or you could get a nasty {Bern}
50%
I love the music of Bob {Mali}, especially 'Jammin'
41%
My favourite musical is {Greece}, I like the costumes
26%
English people celebrate {Saint George's} Day on the 23rd of April
22%

Score Distribution

Percentile by Number Answered

Percent of People with Each Score

Your Score History

You have not taken this quiz